000 00718 a2200229 4500
001 64045
005 20260521160829.0
008 260521a1961 arg spa d
003 AR-UNSa-BCEJYS
040 _aAR-UNSa-BCEJYS
_bspa
_cAR-UNSa-BCEJYS
080 _a658.3
_xPersonal. Relaciones humanas en la empresa (Recursos Humanos)
245 1 0 _aLas técnicas de la delegación de facultades
264 1 _aBarcelona :
_bEdiciones Omega
_c1961
300 _a240 p.
_c22 cm.
505 _a1. Cómo hacer que el trabajo lo hagan los demás - 2.
041 _aspa
942 _cBK
590 _aniveau_biblio:m niveau_hierar:0
100 1 _aLaird, Donald A.
700 1 _aLaird, Eleanor C.
700 1 _aJordá, Luis
999 _c36522
_d36522